000 00729nam a2200289Ia 4500
005 20260324114203.0
008 008 260324s9999 xx 000 0 eng d
020 _a9781003293026
037 _aEBOOK
040 _aCRL
040 _beng
040 _cCRL
041 _2eng
041 _aeng
084 _qCRL
100 _aDiti Bhattacharya
_91149776
245 0 _aUnfolding Spatial Movements in the Second-Hand Book Market in Kolkata
245 0 _bNotes on the Margins in the Boipara
260 _bTaylor and Francis
260 _c2023
365 _a
365 _b83.99
856 _uhttp://www.taylorfrancis.com/books/9781003293026
942 _cEBOOK
999 _c1739817
_d1739817